| 000 | 00891nam a2200229 a 4500 | ||
|---|---|---|---|
| 001 | 47783 | ||
| 003 | BD-RjUL | ||
| 005 | 20211209054407.0 | ||
| 008 | 160810s1984 bg ||||| |||| 00| 0 ben d | ||
| 020 | _c:Tk.12.00 | ||
| 035 | _a(BD-RjUL)47902 | ||
| 040 |
_aBD-RjUL _bben _cBD-RjUL _dBD-RjUL |
||
| 041 | _aben | ||
| 082 |
_223 _a861 _bFED 1984 |
||
| 245 | 0 | 1 |
_aফেদেরিকো গার্থিআ লোরকা : _b নির্বাচিত কবিতা / _cঅনুবাদ মোরশেদ শফিউল হাসান |
| 260 |
_aঢাকা : _bকপোতাক্ষি, _c১৯৮৪. |
||
| 300 |
_a৪৪ পৃ. ; _c২৫ সেমি. |
||
| 650 |
_aস্প্যানিশ কবিতা _9145097 |
||
| 650 |
_aSpanish Poetry _9145098 |
||
| 700 |
_aহাসান, মোরশেদ শফিউল অনুবাদ _9145099 |
||
| 942 |
_2ddc _cBK |
||
| 999 |
_c47783 _d47783 |
||